| 000 | 00600nam a2200217Ia 4500 | ||
|---|---|---|---|
| 008 | 160803s9999 xx 000 0 und d | ||
| 020 | _a9780590508353 | ||
| 100 | _aHerman, Gail | ||
| 245 | _aThe Magic school bus blows its top : | ||
| 245 | _ba book about volcanoes / | ||
| 245 | _cBrian Meehl and Jocelyn Stevenson. | ||
| 260 | _aNew York : | ||
| 260 | _bScholastic Inc. | ||
| 260 | _c1996 | ||
| 300 | _a1 volume (unpaged) : | ||
| 300 | _bcolor illustrations ; | ||
| 440 | _aMagic School Bus. | ||
| 650 | _aVolcanoes -- | ||
| 650 | _xJuvenile literature. | ||
| 700 | _a540 | ||
| 999 |
_c299582 _d299582 |
||